|
|
|
|
| LEADER |
01659nam a2200409Ia 4500 |
| 001 |
EBC476209 |
| 003 |
MiAaPQ |
| 005 |
20200520144314.0 |
| 006 |
m o d | |
| 007 |
cr cn||||||||| |
| 008 |
090831s2009 dcua sb i000 0 eng d |
| 020 |
|
|
|z 9780821381366
|
| 020 |
|
|
|z 9780821381359
|
| 020 |
|
|
|z 0821381350
|
| 035 |
|
|
|a (MiAaPQ)EBC476209
|
| 035 |
|
|
|a (Au-PeEL)EBL476209
|
| 035 |
|
|
|a (CaPaEBR)ebr10364107
|
| 035 |
|
|
|a (CaONFJC)MIL246129
|
| 035 |
|
|
|a (OCoLC)609852940
|
| 040 |
|
|
|a MiAaPQ
|c MiAaPQ
|d MiAaPQ
|
| 050 |
|
4 |
|a HG3881.5.W57
|b A56 2009
|
| 245 |
0 |
0 |
|a Annual review of development effectiveness.
|n 2009,
|p Achieving sustainable development
|h [electronic resource].
|
| 260 |
|
|
|a Washington, DC :
|b International Bank for Reconstruction and Development\World Bank,
|c 2009.
|
| 300 |
|
|
|a xxvii, 147 p. :
|b ill.
|
| 490 |
1 |
|
|a Annual review of development effectiveness ;
|v 2009
|
| 500 |
|
|
|a At head of title: IEG World Bank, IFC, MIGA.
|
| 504 |
|
|
|a Includes bibliographical references (p. 145-147).
|
| 533 |
|
|
|a Electronic reproduction. Ann Arbor, MI : ProQuest, 2015. Available via World Wide Web. Access may be limited to ProQuest affiliated libraries.
|
| 610 |
2 |
0 |
|a World Bank.
|
| 650 |
|
0 |
|a Economic development projects
|x Finance
|x Evaluation.
|
| 650 |
|
0 |
|a Loans, Foreign
|z Developing countries
|v Statistics.
|
| 655 |
|
4 |
|a Electronic books.
|
| 710 |
2 |
|
|a World Bank.
|
| 710 |
2 |
|
|a World Bank.
|b Independent Evaluation Group.
|
| 710 |
2 |
|
|a ProQuest (Firm)
|
| 830 |
|
0 |
|a Annual review of development effectiveness ;
|v 2009.
|
| 856 |
4 |
0 |
|u https://ebookcentral.proquest.com/lib/matrademy/detail.action?docID=476209
|z Click to View
|